000 00925nac a22002291u 4500
020 _a0521864062
082 _a330.122
_bD835
090 _c2395
_d2395
100 _aDuckett, Jane
245 _aThe open economy and its enemies :
_bPublic attitudes in East Asia and Eastern Europe
260 _aCambridge :
_bCambridge University Press ,
_c2006.
300 _axii,271 p. :
_bill. ;
_c18 cm.
504 _aIncludes bibliography:p.259-267 and index
650 _aFree enterprise
651 _aVietnam
_xEconomic policy
_y 1975-
651 _aKorea (South)
_xx Economic policy
_y1960-
651 _aCzech Republic
_xEconomic policy
_y1993-
651 _aUkraine
_xEconomic policy
_y1991-
700 _aMiller, William L.
942 _cBB
_k330.122 D835
999 _c2395
_d2395